Land Use,Environment, and Social change (Record no. 15691)

MARC details
000 -LEADER
fixed length control field 00507nam a22001457a 4500
008 - FIXED-LENGTH DATA ELEMENTS--GENERAL INFORMATION
fixed length control field 160212b xxu||||| |||| 00| 0 eng d
020 ## - INTERNATIONAL STANDARD BOOK NUMBER
International Standard Book Number 0295971434
100 ## - MAIN ENTRY--PERSONAL NAME
Personal name White, Richard
245 ## - TITLE STATEMENT
Title Land Use,Environment, and Social change
Remainder of title The shaping of island County, Washington
Statement of responsibility, etc. Richard White
260 ## - PUBLICATION, DISTRIBUTION, ETC. (IMPRINT)
Place of publication, distribution, etc. USA
Name of publisher, distributor, etc. University of Washington Press
Date of publication, distribution, etc. 1992
300 ## - PHYSICAL DESCRIPTION
Extent xx,234p.
650 ## - SUBJECT ADDED ENTRY--TOPICAL TERM
Topical term or geographic name as entry element Land use
Form subdivision Environment aspects
650 ## - SUBJECT ADDED ENTRY--TOPICAL TERM
Topical term or geographic name as entry element Island County
Form subdivision Economic conditions
942 ## - ADDED ENTRY ELEMENTS (KOHA)
Source of classification or shelving scheme Library of Congress Classification
Koha item type General Collection
Classification part HD 211
Call number prefix .W3W45
Holdings
Withdrawn status Lost status Source of classification or shelving scheme Not for loan Home library Current library Shelving location Date acquired Cost, normal purchase price Total Checkouts Full call number Barcode Date last seen Copy number Price effective from Koha item type
    Library of Congress Classification   Kabarak, Main Campus Kabarak, Main Campus General Stacks 12/02/2016 4753.90   HD211.W3W45 1992 C.1 016979 02/08/2024 C.1 12/02/2016 General Collection
Designed with assistance from East African Informatics Ltd